000 00655nam a2200181Ia 4500
008 151202s9999||||xx |||||||||||||| ||und||
082 _bPNVM-71250
100 _aपांगारकर अमेय.
245 _aकोलाज-शोध व्यक्तींचा.
260 _b"हृदगंध प्रका,पुणे."
260 _c7125
300 _a184
600 _aपांगारकर अमेय.
630 _aकोलाज-शोध व्यक्तींचा.
700 _aपांगारकर अमेय.
730 _aकोलाज-शोध व्यक्तींचा.
942 _cBOOK
999 _c1337753
_d1337750